00592 2200205 4500001002100000005001700021008004100038020001800079035002500097084001500122245006200137260003300199300003600232500003100268650002100299850001200320990001800332990001800350990001800368YOGYA-0209000004113920151013112821.0 ind  a0-07-116330-1 a0010-020900000041139 a616.54 Twe a20 common problem indermatologycAlan B Fleischer [et.al] aNew YorkbMc Graw-Hillc2006 avii, 303 hlm. :bilus. ;c24 cm aBibliografi : hlm. 286-278 aKulit - Penyakit aYOPDYOG a31957-PD/B.07 a31958-PD/B.07 a31959-PD/B.07